<?xml version="1.0" encoding="UTF-8"?>
<collection xmlns="http://www.loc.gov/MARC21/slim">
 <record>
  <leader>00967nam a2200193 a 4500</leader>
  <controlfield tag="001">1/14350</controlfield>
  <controlfield tag="008">990216s19841985gr            001 0 gre  </controlfield>
  <datafield tag="035" ind1=" " ind2=" ">
   <subfield code="l">14828</subfield>
  </datafield>
  <datafield tag="040" ind1=" " ind2=" ">
   <subfield code="a">GR-PeUP</subfield>
  </datafield>
  <datafield tag="082" ind1="0" ind2="0">
   <subfield code="a">519.2΄33 ΑΡΤ</subfield>
  </datafield>
  <datafield tag="100" ind1="1" ind2=" ">
   <subfield code="a">Αρτίκης, Θεόδωρος Π.</subfield>
  </datafield>
  <datafield tag="245" ind1="1" ind2="0">
   <subfield code="a">Μαθήματα στοχαστικών διαδικασιών /</subfield>
   <subfield code="c">Θεοδώρου Π. Αρτίκη.</subfield>
  </datafield>
  <datafield tag="260" ind1=" " ind2=" ">
   <subfield code="a">Πειραιάς:</subfield>
   <subfield code="b">[χ.ό.],</subfield>
   <subfield code="c">1984-1985.</subfield>
  </datafield>
  <datafield tag="300" ind1=" " ind2=" ">
   <subfield code="a">2 τ. ;</subfield>
   <subfield code="c">24 εκ.</subfield>
  </datafield>
  <datafield tag="505" ind1="0" ind2=" ">
   <subfield code="a">T.1. Ομογενείς αλυσίδες Markov διακριτικής παραμέτρου -- Τ.2. Ομογενείς αλυσίδες Markov συνεχούς παραμέτρου.</subfield>
  </datafield>
  <datafield tag="504" ind1=" " ind2=" ">
   <subfield code="a">Περιέχει βιβλιογραφία.</subfield>
  </datafield>
  <datafield tag="650" ind1=" " ind2="4">
   <subfield code="a">Μαθηματικά.</subfield>
  </datafield>
  <datafield tag="852" ind1=" " ind2=" ">
   <subfield code="a">INST</subfield>
   <subfield code="b">UNIPILB</subfield>
   <subfield code="c">MAIN</subfield>
   <subfield code="e">20040709</subfield>
   <subfield code="h">519.2΄33 ΑΡΤ</subfield>
   <subfield code="p">00118751</subfield>
   <subfield code="q">00118751</subfield>
   <subfield code="t">LOAN</subfield>
   <subfield code="y">0</subfield>
   <subfield code="4">1</subfield>
  </datafield>
  <datafield tag="852" ind1=" " ind2=" ">
   <subfield code="a">INST</subfield>
   <subfield code="b">UNIPILB</subfield>
   <subfield code="c">MAIN</subfield>
   <subfield code="e">20040709</subfield>
   <subfield code="h">519.2΄33 ΑΡΤ</subfield>
   <subfield code="p">00119199</subfield>
   <subfield code="q">00119199</subfield>
   <subfield code="t">LOAN</subfield>
   <subfield code="y">0</subfield>
   <subfield code="4">1</subfield>
  </datafield>
 </record>
</collection>
